000 00288nam a22001337a 4500
008 170503b xxu||||| |||| 00| 0 eng d
020 _a9781594032332
041 _aeng
080 _a34
100 _a13
101 _aSHJ
245 _aSCHOOLS FOR MIRSULE
_cOLSON.W
942 _2udc
_cBK
999 _c12570
_d12570